Australia / (Record no. 7122)

MARC details
000 -LEADER
fixed length control field 00807nam a22002777a 4500
001 - CONTROL NUMBER
control field 7122
003 - CONTROL NUMBER IDENTIFIER
control field FISKH
005 - DATE AND TIME OF LATEST TRANSACTION
control field 20250624135020.0
008 - FIXED-LENGTH DATA ELEMENTS--GENERAL INFORMATION
fixed length control field 250624b cb ||||| |||| 00| 0 eng d
020 ## - INTERNATIONAL STANDARD BOOK NUMBER
International Standard Book Number 033345037X
040 ## - CATALOGING SOURCE
Original cataloging agency FISKH
Language of cataloging eng
Transcribing agency FISKH
Modifying agency FISKH
082 ## - DEWEY DECIMAL CLASSIFICATION NUMBER
Classification number 944
100 ## - MAIN ENTRY--PERSONAL NAME
Personal name Houghton, Graham
245 ## - TITLE STATEMENT
Title Australia /
Statement of responsibility, etc. By Graham Houghton & Julia Wakefield
250 ## - EDITION STATEMENT
Edition statement First published 1987
260 ## - PUBLICATION, DISTRIBUTION, ETC.
Place of publication, distribution, etc. South Melbourne :
Name of publisher, distributor, etc. The Macmillan Company ,
Date of publication, distribution, etc. 1987.
300 ## - PHYSICAL DESCRIPTION
Extent 30 pages :
Other physical details color illustrations , maps ;
Dimensions 25 cm .
490 ## - SERIES STATEMENT
Series statement The Indo-Pacific Library
505 ## - FORMATTED CONTENTS NOTE
Formatted contents note R <br/>
521 8# - TARGET AUDIENCE NOTE
Target audience note 700 <br/>
Source Lexile estimate <br/>
521 8# - TARGET AUDIENCE NOTE
Target audience note R <br/>
Source Raz-Plus <br/>
650 ## - SUBJECT ADDED ENTRY--TOPICAL TERM
Topical term or geographic name entry element Australia
Form subdivision Non-fiction
700 ## - ADDED ENTRY--PERSONAL NAME
Personal name Wakefield, Julia
Relator term Illustrator
942 ## - ADDED ENTRY ELEMENTS (KOHA)
Source of classification or shelving scheme Dewey Decimal Classification
Koha item type Books
Suppress in OPAC No
Holdings
Withdrawn status Lost status Source of classification or shelving scheme Damaged status Not for loan Collection Home library Current library Shelving location Date acquired Total Checkouts Full call number Barcode Date last seen Date last checked out Price effective from Koha item type
    Dewey Decimal Classification     Non-Fiction Footprints International School Library Network Toul Tom Poung Campus Footprints International School Library Network Toul Tom Poung Campus TTP Primary Orange Bookshelves 06/24/2025 1 HOU PZ7 994 FIS01329 10/08/2025 09/17/2025 06/24/2025 Books